Biodeterioration : the proceedings of the fourth international biodeterioration symposium, Berlin /

Bibliographic Details
Corporate Author: International Biodeterioration Symposium Berlin
Other Authors: Oxley, T. A. (Thomas Alan), Allsopp, D., Becker, G.
Format: Conference Proceeding Book
Language:English
Published: London : Pitman Pub. : Biodeterioration Society, [1980]
Series:Pitman international series in applied biology.
Subjects:

MARC

Tag First Indicator Second Indicator Subfields
LEADER 00000pam a2200000 a 4500
001 in00000072085
005 20151008062536.0
008 791113s1980 enka b 10110 engm
010 |a  79025827  
020 |a 0273084593 :  |c $70.00 
035 |a (OCoLC)05751216 
035 |9 AAK0444AM 
040 |a DLC  |c DLC  |d m.c.  |d TXA  |d UtOrBLW 
049 |a TXAM  |c [1481788] 
050 0 0 |a QH530.5  |b .I57 1978 
082 0 |a 620.1/1223 
111 2 |a International Biodeterioration Symposium  |n (4th :  |d 1978 :  |c Berlin) 
245 1 0 |a Biodeterioration :  |b the proceedings of the fourth international biodeterioration symposium, Berlin /  |c editors T.A. Oxley, Guenther Becker, D. Allsopp. 
264 1 |a London :  |b Pitman Pub. :  |b Biodeterioration Society,  |c [1980] 
264 4 |c ©1980 
300 |a viii, 375 pages :  |b illustrations ;  |c 31 cm. 
336 |a text  |b txt  |2 rdacontent 
337 |a unmediated  |b n  |2 rdamedia 
338 |a volume  |b nc  |2 rdacarrier 
490 1 |a The Pitman international series in applied biology 
504 |a Includes bibliographies and indexes. 
650 0 |a Biodegradation  |v Congresses. 
700 1 |a Oxley, T. A.  |q (Thomas Alan) 
700 1 |a Allsopp, D. 
700 1 |a Becker, G. 
830 0 |a Pitman international series in applied biology. 
999 |a MARS 
999 f f |s a6c39437-e186-345b-9c3d-09df09419b61  |i 365110d2-96cf-3473-81dc-145550d2b2ba  |t 0 
952 f f |p ric  |a Texas A&M University  |b Rellis Campus  |c Joint Library Facility  |d Remote Storage  |t 0  |e QH530.5 .I57 1978  |h Library of Congress classification  |i unmediated -- volume  |m A14806217482 
998 f f |a QH530.5 .I57 1978  |t 0  |l Remote Storage